| 000 | 01227nam a2200277 4500 | ||
|---|---|---|---|
| 001 | 0000020194 | ||
| 003 | CO-CtgCURN | ||
| 005 | 20250331185239.0 | ||
| 007 | ta | ||
| 008 | 160627s2009 000 0 eng d | ||
| 020 | _a9786075000503 | ||
| 040 |
_aCO-CtgCURN _bspa _ccoctgcurn |
||
| 082 | 0 |
_a629.8312 _bC235 |
|
| 100 | 1 | _aCarrion Viramontes, Jorge Eduardo. | |
| 245 | 1 | 0 |
_aTeoria de la computacion / _cJorge Eduardo Carrion Viramontes. |
| 260 |
_aMexico : _bInstituto Tecnologico y de Estudios Superiores de Monterrey, _c2009. |
||
| 300 | _a246 p. | ||
| 336 | _2rdacontent | ||
| 337 |
_2rdamedia _asin mediacion _bn |
||
| 338 |
_2rdacarrier _avolumen _bnc |
||
| 505 | 8 | _aConceptos basicos.--Lenguajes regulares.--Automatas finitos deterministas.--Automatas finitos no deterministas.--Automatas finitos y expresiones regulares.--Gramaticas regulares.--Gramaticas libres del contexto.--Lenguajes libres del contexto.--Automata de pila.--Maquinas de Turing.--Gramaticas no restringidas.--Resolubilidad.--Computabilidad.--Complejidad | |
| 650 | 1 | 4 | _aSistema de control automatas. |
| 908 | _a160627 | ||
| 942 |
_cBK _h629.8312 _iC235 _2ddc |
||
| 999 |
_c23997 _d23997 |
||